LIBRARY & INFORMATION CENTRE, KCAET, TAVANUR

ONLINE PUBLIC ACCESS CATALOGUE (OPAC)

Essentials of Materials Science and Engineering (Record no. 14601)

MARC details
000 -LEADER
fixed length control field 00349nam a22001337a 4500
020 ## - INTERNATIONAL STANDARD BOOK NUMBER
ISBN 9788131502334
082 ## - DEWEY DECIMAL CLASSIFICATION NUMBER
Classification number 620.1.
Item number ASK/ES
100 ## - MAIN ENTRY--AUTHOR NAME
Personal name Askeland,Donald R.
100 ## - MAIN ENTRY--AUTHOR NAME
Personal name Pradeep P. Phule
245 ## - TITLE STATEMENT
Title Essentials of Materials Science and Engineering
260 ## - PUBLICATION, DISTRIBUTION, ETC. (IMPRINT)
Place of publication New Delhi
Name of publisher Cengage Learning
Year of publication 2004
300 ## - PHYSICAL DESCRIPTION
Number of Pages 588
942 ## - ADDED ENTRY ELEMENTS (KOHA)
Koha item type Books
Holdings
Withdrawn status Lost status Damaged status Collection code Home library Current library Shelving location Date acquired Source of acquisition Cost, normal purchase price Full call number Accession Number Koha item type
        KAUAET KAUAET General Stacks 20/07/2016 Arunima Book Distributors, TVPM 380.00 620.1. ASK/ES 24569 Books
free website counter